| 000 | 00404nam a22001217a 4500 | ||
|---|---|---|---|
| 082 | _a200 THE | ||
| 100 |
_aAbdur Rauf _973276 |
||
| 245 | _aTH-SOF-1836-Model Predictive Control of 2-Degree of Freedom Robotic Manipulator with Backlash | ||
| 260 |
_aISLAMABAD _bNUST COLLEGE OF EME _c2020 |
||
| 650 |
_aMS-COMPUTER ENGINEERING-2018 _973277 |
||
| 700 | _aSupervisor Dr. Fahad Mumtaz Malik | ||
| 942 |
_cCF _2ddc |
||
| 999 |
_c579077 _d579077 |
||